书目信息 |
| 题名: |
电视节目制作技术
|
|
| 作者: | 孟群 编著 | |
| 分册: | ||
| 出版信息: | 北京 中国广播电视出版社 1997 |
|
| 页数: | 387页 | |
| 开本: | 20cm | |
| 丛书名: | ||
| 单 册: | ||
| 中图分类: | G222.3 | |
| 科图分类: | ||
| 主题词: | 电视节目--制作--技术--教材 | |
| 电子资源: | ||
| ISBN: | 7-5043-3101-5 | |
| 000 | 00638nam0 2200229 45 | |
| 001 | 0198026052 | |
| 005 | 20031219104103.7 | |
| 010 | @a7-5043-3101-5@dCNY24.00 | |
| 100 | @a19980508d1997 em y0chiy0121 ea | |
| 101 | 0 | @achi |
| 102 | @aCN@b110000 | |
| 105 | @ay z 000yy | |
| 106 | @ar | |
| 200 | 10 | @a电视节目制作技术@Adian shi jie mu zhi zuo ji shu@f孟群编著 |
| 210 | @a北京@c中国广播电视出版社@d1997 | |
| 215 | @a387页@d20cm | |
| 300 | @a广播电影电视部统编教材 | |
| 606 | @a电视节目@x制作@x技术@x教材 | |
| 690 | @aG222.3@v4 | |
| 701 | 0 | @a孟群@Ameng qun@4编著 |
| 801 | @aCN@bTSTC@c20030218 | |
| 905 | @b319772-776@dG222.3@e12@f5 | |
| 电视节目制作技术/孟群编著.-北京:中国广播电视出版社,1997 |
| 387页;20cm |
| 广播电影电视部统编教材 |
| ISBN 7-5043-3101-5:CNY24.00 |
| ● |
| 相关链接 |
|
|
|
|
正题名:电视节目制作技术
索取号:G222.3/12
 
预约/预借
| 序号 | 登录号 | 条形码 | 馆藏地/架位号 | 状态 | 备注 |
| 1 | 0319772 | 203197726 | 第四借阅区/ [索取号:G222.3/12] | 在馆 | |
| 2 | 0319773 | 203197735 | 第四借阅区/ [索取号:G222.3/12] | 在馆 | |
| 3 | 0319774 | 203197744 | 第四借阅区/ [索取号:G222.3/12] | 在馆 | |
| 4 | 0319775 | 203197753 | 第四借阅区/ [索取号:G222.3/12] | 在馆 | |
| 5 | 0319776 | 203197762 | 第一样本阅览室/ [索取号:G222.3/12] | 在馆 |